000
00333nam a22001337a 4500
008
170321b xxu||||| |||| 00| 0 eng d
020
_a
9780879934620
041
_a
eng
080
_a
616.12-008-073
100
_a
7
101
_a
SHM
245
_a
CARDIAC PACING AND DEFIBRILLATION: A CLINICAL APPROACH
_c
HAYES, D.L
942
_2
udc
_c
BK
999
_c
8254
_d
8254